| 000 -LEADER |
| fixed length control field |
01097cam a2200253 a 4500 |
| 082 00 - DEWEY DECIMAL CLASSIFICATION NUMBER |
| Classification number |
625.732 |
| Author Mark |
MOR |
| -- |
D |
| 100 1# - MAIN ENTRY--PERSONAL NAME |
| Personal name |
Morin, W. J. |
| 9 (RLIN) |
40907 |
| 245 10 - TITLE STATEMENT |
| Title |
Laterite and lateritic soils and other problem soils of the tropics : |
| Remainder of title |
an engineering evaluation and highway design study for United States Agency for International Development / |
| Statement of responsibility, etc. |
by W.J. Morin, Peter C. Todor. |
| 260 ## - PUBLICATION, DISTRIBUTION, ETC. |
| Place of publication, distribution, etc. |
Baltimore, Md. : |
| Name of publisher, distributor, etc. |
Lyon Associates ; |
| Place of publication, distribution, etc. |
Rio de Janeiro, Brazil : |
| Name of publisher, distributor, etc. |
Road Research Institute, Brazilian National Highway Dept., |
| Date of publication, distribution, etc. |
[197-?- |
| 300 ## - PHYSICAL DESCRIPTION |
| Extent |
v. <1 > : |
| Other physical details |
ill. ; |
| Dimensions |
30 cm. |
| 500 ## - GENERAL NOTE |
| General note |
"AID/csd 3682." |
| 500 ## - GENERAL NOTE |
| General note |
Errata sheet inserted (v. 1) |
| 526 ## - STUDY PROGRAM INFORMATION NOTE |
| Program name |
0 |
| Interest level |
0 |
| Reading level |
0 |
| Title point value |
625_732000000000000_MOR |
| 650 #0 - SUBJECT ADDED ENTRY--TOPICAL TERM |
| Topical term or geographic name entry element |
Laterite |
| Geographic subdivision |
Tropics. |
| 9 (RLIN) |
40908 |
| 650 #0 - SUBJECT ADDED ENTRY--TOPICAL TERM |
| Topical term or geographic name entry element |
MCE |
| 9 (RLIN) |
379 |
| 650 #0 - SUBJECT ADDED ENTRY--TOPICAL TERM |
| Topical term or geographic name entry element |
Problem soils |
| Geographic subdivision |
Tropics. |
| 9 (RLIN) |
40909 |
| 650 #0 - SUBJECT ADDED ENTRY--TOPICAL TERM |
| Topical term or geographic name entry element |
Roads |
| Geographic subdivision |
Tropics |
| General subdivision |
Design and construction. |
| 9 (RLIN) |
40910 |
| 650 #0 - SUBJECT ADDED ENTRY--TOPICAL TERM |
| Topical term or geographic name entry element |
Soils |
| Geographic subdivision |
Tropics |
| General subdivision |
Testing. |
| 9 (RLIN) |
40911 |
| 700 1# - ADDED ENTRY--PERSONAL NAME |
| Personal name |
Todor, Peter C., |
| 9 (RLIN) |
40912 |
| 710 1# - ADDED ENTRY--CORPORATE NAME |
| Corporate name or jurisdiction name as entry element |
United States. |
| 9 (RLIN) |
21185 |
| 710 2# - ADDED ENTRY--CORPORATE NAME |
| Corporate name or jurisdiction name as entry element |
Instituto de Pesquisas Rodoviárias. |
| 9 (RLIN) |
40913 |
| 710 2# - ADDED ENTRY--CORPORATE NAME |
| Corporate name or jurisdiction name as entry element |
Lyon Associates. |
| 9 (RLIN) |
40914 |
| 942 ## - ADDED ENTRY ELEMENTS (KOHA) |
| Source of classification or shelving scheme |
|
| Koha item type |
Book |